Educational psychology (Record no. 5892)
[ view plain ]
| 000 -LEADER | |
|---|---|
| fixed length control field | 00532nam a22001937a 4500 |
| 001 - ACCESSION NUMBER | |
| control field | 34014 |
| 003 - CONTROL NUMBER IDENTIFIER | |
| control field | OSt |
| 005 - DATE AND TIME OF LATEST TRANSACTION | |
| control field | 20160330132504.0 |
| 008 - FIXED-LENGTH DATA ELEMENTS--GENERAL INFORMATION | |
| fixed length control field | 160330b xxu||||| |||| 00| 0 eng d |
| 020 ## - INTERNATIONAL STANDARD BOOK NUMBER | |
| International Standard Book Number | 0072365471 |
| 040 ## - CATALOGING SOURCE | |
| Original cataloging agency | DDC |
| Language of cataloging | eng |
| Transcribing agency | DDC |
| Modifying agency | DDC |
| Description conventions | DDC |
| 082 ## - DEWEY DECIMAL CLASSIFICATION NUMBER | |
| Classification number | 370.15'05 |
| 245 ## - TITLE STATEMENT | |
| Title | Educational psychology |
| Statement of responsibility, etc. | Kathleen M. Cauley, Fredric linder, James H.McMillian ed. |
| 504 ## - BIBLIOGRAPHY, ETC. NOTE | |
| Bibliography, etc | Includes index |
| 700 ## - ADDED ENTRY--PERSONAL NAME | |
| Relator code | Cauley, Kathleen M. ed. |
| 700 ## - ADDED ENTRY--PERSONAL NAME | |
| Relator code | Linder, Fredric ed. |
| 700 ## - ADDED ENTRY--PERSONAL NAME | |
| Relator code | McMillan, James H. ed. |
| 942 ## - ADDED ENTRY ELEMENTS (KOHA) | |
| Source of classification or shelving scheme | Dewey Decimal Classification |
| Koha item type | Circ Books |
| Withdrawn status | Lost status | Source of classification or shelving scheme | Damaged status | Not for loan | Home library | Current library | Date acquired | Total Checkouts | Full call number | Barcode | Date last seen | Price effective from | Koha item type |
|---|---|---|---|---|---|---|---|---|---|---|---|---|---|
| Dewey Decimal Classification | Wesley Powell Learning Resource Centre | Wesley Powell Learning Resource Centre | 03/30/2016 | 370.15'05/ANN | 34014 | 03/30/2016 | 03/30/2016 | Circ Books | |||||
| Dewey Decimal Classification | Wesley Powell Learning Resource Centre | Wesley Powell Learning Resource Centre | 03/30/2016 | 370.15'05/ANN | 34014 | 03/30/2016 | 03/30/2016 | Circ Books |